|
|
|
|
| LEADER |
00000nab a2200000 a 4500 |
| 001 |
vtls000677891 |
| 003 |
SK-MaSNL |
| 005 |
20260318114906.0 |
| 008 |
160322c1998 xo 0 hun |
| 015 |
|
|
|a SNBRB1998/11-30301
|
| 035 |
|
|
|a CLN000030060
|
| 040 |
|
|
|a SNKBUCL
|b slo
|c SNKBUCL
|e AACR2
|
| 041 |
0 |
|
|a hun
|
| 044 |
|
|
|a xo
|c SK
|
| 080 |
|
|
|a 796.85.071
|2 UDC-MRF-SK2
|
| 080 |
|
|
|a 929 Dudás, Lajos
|2 UDC-MRF-SK2
|
| 100 |
1 |
|
|a Zolczer, László,
|d 1949-
|4 ain
|9 840441
|
| 245 |
1 |
0 |
|a A kumitéző bajnokjelölt
|b az Európa-bajnokságon is képviselte Szlovákiát
|c Zolczer László, Dudás Lajos
|
| 300 |
|
|
|b Fotogr.
|
| 600 |
1 |
7 |
|a Dudás, Lajos
|d 1978-
|2 snkbucl
|9 1614230
|
| 651 |
|
7 |
|a Levice (Slovensko : okres)
|2 snkbucl
|9 15245
|
| 655 |
|
7 |
|a články z novín a časopisov
|2 snkbucl
|9 267496
|
| 700 |
1 |
|
|a Dudás, Lajos
|d 1978-
|4 aut
|4 uin
|9 1614230
|
| 773 |
0 |
|
|t Szabad újság
|g Roč. 6, č. 46 (1998), s. 16
|
| 850 |
|
|
|a Slovenská národná knižnica v Martine
|
| 852 |
|
|
|a SNK
|b KIS3GCP
|
| 958 |
|
|
|a HU
|
| 958 |
|
|
|a SK
|
| 958 |
|
|
|a BX
|
| 958 |
|
|
|a RBX
|
| 999 |
|
|
|c 3332421
|d 3334351
|